000 00410nam a22001697a 4500
003 OSt
005 20211117115556.0
008 211117b |||||||| |||| 00| 0 eng d
020 _a81-8061-615-0
040 _aDDC
_cHU
082 _21ST
_a616
_b2
100 _aKATHALE SAMIR
_918926
245 _aESSENTIALS OF CLINICAL MEDICINE
250 _a1ST
260 _aNEW DELHI
_bJAYPEE
_c2006
942 _2ddc
_cBOOKS
_n0
999 _c18720
_d18720